History Quiz

Random History or Famous Quiz

Historical Names Slot Machine Quiz Stats

 Plays Quiz Updated Jul 5, 2013

Challenge
Share
Tweet
Score 0/93 Timer 08:00
1 Play Today
% Correct
Edgar Allan Poe
96.5%
Edgar Allan Poe
96.5%
Edgar Allan Poe
96.5%
Alexander Graham Bell
96.5%
Alexander Graham Bell
96.5%
Alexander Graham Bell
96.5%
Franklin Delano Roosevelt
96.1%
Franklin Delano Roosevelt
96.1%
Franklin Delano Roosevelt
96.1%
Wolfgang Amadeus Mozart
95.5%
Wolfgang Amadeus Mozart
95.5%
Wolfgang Amadeus Mozart
95.5%
Martin Luther King
93.3%
Martin Luther King
93.3%
Martin Luther King
93.3%
Dwight David Eisenhower
92.4%
Dwight David Eisenhower
92.4%
Dwight David Eisenhower
92.4%
Johann Sebastian Bach
91.2%
Johann Sebastian Bach
91.2%
Johann Sebastian Bach
91.2%
Lee Harvey Oswald
90.6%
Lee Harvey Oswald
90.6%
Lee Harvey Oswald
90.6%
George Walker Bush
90.5%
George Walker Bush
90.5%
George Walker Bush
90.5%
John Wilkes Booth
90.1%
John Wilkes Booth
90.1%
John Wilkes Booth
90.1%
Hans Christian Andersen
86%
% Correct
Hans Christian Andersen
86%
Hans Christian Andersen
86%
Richard Milhous Nixon
85.9%
Richard Milhous Nixon
85.9%
Richard Milhous Nixon
85.9%
Thomas Alva Edison
84.8%
Thomas Alva Edison
84.8%
Thomas Alva Edison
84.8%
Harriet Beecher Stowe
82.6%
Harriet Beecher Stowe
82.6%
Harriet Beecher Stowe
82.6%
Louisa May Alcott
80.3%
Louisa May Alcott
80.3%
Louisa May Alcott
80.3%
Booker Taliaferro Washington
78.4%
Booker Taliaferro Washington
78.4%
Booker Taliaferro Washington
78.4%
George Washington Carver
76.1%
George Washington Carver
76.1%
George Washington Carver
76.1%
Francis Scott Key
75.4%
Francis Scott Key
75.4%
Francis Scott Key
75.4%
Frank Lloyd Wright
74.8%
Frank Lloyd Wright
74.8%
Frank Lloyd Wright
74.8%
Henry David Thoreau
73.9%
Henry David Thoreau
73.9%
Henry David Thoreau
73.9%
Robert Louis Stevenson
73.1%
Robert Louis Stevenson
73.1%
% Correct
Robert Louis Stevenson
73.1%
Susan Brownell Anthony
72.3%
Susan Brownell Anthony
72.3%
Susan Brownell Anthony
72.3%
Andrew Lloyd Webber
72.2%
Andrew Lloyd Webber
72.2%
Andrew Lloyd Webber
72.2%
Thomas Woodrow Wilson
69.1%
Thomas Woodrow Wilson
69.1%
Thomas Woodrow Wilson
69.1%
Mary Todd Lincoln
68.7%
Mary Todd Lincoln
68.7%
Mary Todd Lincoln
68.7%
John Davison Rockefeller
67.6%
John Davison Rockefeller
67.6%
John Davison Rockefeller
67.6%
Hubert Horatio Humphrey
65%
Hubert Horatio Humphrey
65%
Hubert Horatio Humphrey
65%
Oliver Wendell Holmes
62.1%
Oliver Wendell Holmes
62.1%
Oliver Wendell Holmes
62.1%
John Paul Jones
60.8%
John Paul Jones
60.8%
John Paul Jones
60.8%
Mark David Chapman
57.4%
Mark David Chapman
57.4%
Mark David Chapman
57.4%
Peter Paul Rubens
54.5%
Peter Paul Rubens
54.5%
Peter Paul Rubens
54.5%

You're not logged in!

Compare scores with friends on all Sporcle quizzes.
Join for Free
OR
Log In

You Might Also Like...

Show Comments

Extras

Top Quizzes Today


Score Distribution

Your Account Isn't Verified!

In order to create a playlist on Sporcle, you need to verify the email address you used during registration. Go to your Sporcle Settings to finish the process.

Report this User

Report this user for behavior that violates our Community Guidelines.

Details: